Producción en televisión (Record no. 111429)

MARC details
000 -LEADER
campo de control de longitud fija 01289nam a2200385 i 4500
001 - NÚMERO DE CONTROL
campo de control MOR01000111767
003 - IDENTIFICADOR DE NÚMERO DE CONTROL
campo de control $$amxcmmo
005 - FECHA Y HORA DE LA ÚLTIMA TRANSACCIÓN
campo de control 20260331231312.0
008 - DATOS DE LONGITUD FIJA--INFORMACIÓN GENERAL
campo de control de longitud fija 231103r20122009cmmad grbi 001 0 spa d
020 ## - NÚMERO INTERNACIONAL ESTÁNDAR DEL LIBRO
Número Internacional Estándar del Libro 9682464870
Información calificativa (primera edición)
020 ## - NÚMERO INTERNACIONAL ESTÁNDAR DEL LIBRO
Número Internacional Estándar del Libro 9786071700315
Información calificativa (segunda edición)
035 ## - NÚMERO DE CONTROL DEL SISTEMA
Número de control de sistema 230544
040 ## - FUENTE DE CATALOGACIÓN
Centro catalogador/agencia de origen mxcmmo
Lengua de catalogación spa
Centro/agencia transcriptor mxcmmo
Normas de descripción rda
041 0# - CÓDIGO DE IDIOMA
Código de lengua del texto/banda sonora o título independiente spa
082 04 - NÚMERO DE LA CLASIFICACIÓN DECIMAL DEWEY
Número de clasificación 791.45
Número de ítem DVI.p
100 1# - ENTRADA PRINCIPAL--NOMBRE DE PERSONA
Nombre de persona D'Victorica, Raúl
Término indicativo de función/relación autor
9 (RLIN) 202864
245 10 - MENCIÓN DEL TÍTULO
Título Producción en televisión
Resto del título : procesos y elementos que integran la producción en televisión/
Mención de responsabilidad, etc. Raúl D'Victorica
250 ## - MENCION DE EDICION
Mención de edición Segunda edición, reimpresión 2012
264 #1 - PRODUCCIÓN, PUBLICACIÓN, DISTRIBUCIÓN, FABRICACIÓN Y COPYRIGHT
Producción, publicación, distribución, fabricación y copyright México, D.F.:
Nombre del de productor, editor, distribuidor, fabricante Trillas,
Fecha de producción, publicación, distribución, fabricación o copyright 2012
264 #4 - PRODUCCIÓN, PUBLICACIÓN, DISTRIBUCIÓN, FABRICACIÓN Y COPYRIGHT
Fecha de producción, publicación, distribución, fabricación o copyright ©2009
300 ## - DESCRIPCIÓN FÍSICA
Extensión 109 páginas
336 ## - TIPO DE CONTENIDO
Término de tipo de contenido texto
Código de tipo de contenido txt
Fuente rdacontent
337 ## - TIPO DE MEDIO
Nombre/término del tipo de medio sin medio
Código del tipo de medio n
Fuente rdamedia
338 ## - TIPO DE SOPORTE
Nombre/término del tipo de soporte volumen
Código del tipo de soporte nc
Fuente rdacarrier
504 ## - NOTA DE BIBLIOGRAFÍA, ETC.
Nota de bibliografía, etc. Nota Incluye referencias bibliográficas e índice
541 0# - NOTA DE FUENTE DE ADQUISICIÓN DIRECTA
Fuente de adquisición Amazon
Forma de adquisición Compra
650 #7 - PUNTO DE ACCESO ADICIONAL DE MATERIA--TÉRMINO DE MATERIA
Término de materia o nombre geográfico como elemento de entrada Televisión
Subdivisión general Producción y dirección
9 (RLIN) 113096
900 ## - ELEMENTOS DE DATOS A LOCAL, LDA (RLIN)
Nombre de persona BERENICE
Numeración 40
Títulos y otros términos asociados al nombre 20231114
Lenguaje de la obra MOR01
-- 1114
900 ## - ELEMENTOS DE DATOS A LOCAL, LDA (RLIN)
Nombre de persona CATY
Numeración 30
Títulos y otros términos asociados al nombre 20231113
Lenguaje de la obra MOR01
-- 1044
900 ## - ELEMENTOS DE DATOS A LOCAL, LDA (RLIN)
Nombre de persona LUIS
Numeración 20
Títulos y otros términos asociados al nombre 20231103
Lenguaje de la obra MOR01
-- 0841
900 ## - ELEMENTOS DE DATOS A LOCAL, LDA (RLIN)
Nombre de persona LUIS
Numeración 20
Títulos y otros términos asociados al nombre 20231103
Lenguaje de la obra MOR01
-- 0841
900 ## - ELEMENTOS DE DATOS A LOCAL, LDA (RLIN)
Nombre de persona VOBO
Numeración 40
Títulos y otros términos asociados al nombre 20231122
Lenguaje de la obra MOR01
-- 0547
904 ## - ELEMENTOS DE DATOS D LOCAL, LDD (RLIN)
a UPDATE
942 ## - ELEMENTOS DE ENTRADA SECUNDARIOS (KOHA)
Código de la institución [OBSOLETO] BK
901 ## - ELEMENTOS DE DATOS A LOCAL LDA (RLIN)
a batch batch
Holdings
Estatus retirado Estado de pérdida Fuente del sistema de clasificación o colocación Estado de daño No para préstamo Colección Biblioteca de origen Biblioteca actual Ubicación en estantería Fecha de adquisición Fuente de adquisición Número de inventario Total de préstamos Signatura topográfica completa Código de barras Visto por última vez Precio de reemplazo Tipo de ítem Koha
    Clasificación Decimal Dewey     Libros (General) Biblioteca Instituto Mora Biblioteca Instituto Mora Regular 13/11/2023   139216   (G)/791.45 DVI.p 33006801143346 03/09/2024 03/09/2024 Libro préstamo regular